| 000 | 00592nam a2200241 a 4500 | ||
|---|---|---|---|
| 001 | nice12345678 | ||
| 003 | IN_TiNIC | ||
| 005 | 20260116011355.0 | ||
| 008 | 050524s1320 hyda grp 000 0 urd | ||
| 020 |
_a _c1.5 |
||
| 082 | 0 | 0 |
_a297.12401 _bIMA |
| 100 | _aImadi Al, Abdullah | ||
| 245 | _aIlmul Hadees | ||
| 260 |
_aHyderabad _bMaktaba Nishat Saniah _c1320 |
||
| 300 | _a122p. | ||
| 500 | _aincludes index and biblioraphy | ||
| 505 | 2 | _apart 1 age of the caliphs | |
| 650 | _aHadith-Origins | ||
| 700 | 1 | _aImadi Al, Abdullah | |
| 902 | _bSRS | ||
| 942 | _cBK | ||
| 999 |
_c957 _d957 |
||